|
|
|
|
| LEADER |
00000nam a2200000 a 4500 |
| 001 |
vtls001361951 |
| 003 |
SK-MaSNL |
| 005 |
20260301010714.0 |
| 008 |
240314s1999 xo r slo |
| 015 |
|
|
|a SNBA1999/09-03221
|
| 020 |
|
|
|a 8008004029
|
| 035 |
|
|
|a SNK000315537
|
| 035 |
|
|
|a urn:nbn:sk:snk-amltn7
|
| 035 |
|
|
|a urn:nbn:sk:snk-am00ccsp
|
| 035 |
|
|
|a D8266A11-EEEA-4707-9F6C-8BB9F78A3B5D
|
| 040 |
|
|
|a SNK
|b slo
|c SNK
|e AACR2
|
| 041 |
0 |
|
|a slo
|
| 044 |
|
|
|a xo
|c SK
|
| 080 |
|
|
|a 34:373.6(075.3)
|2 1981
|
| 080 |
|
|
|a 373.6(075.3)
|2 1981
|
| 100 |
1 |
|
|a Schultz, Ivan,
|d 1927-
|4 aut
|9 46785
|
| 245 |
1 |
0 |
|a Právna náuka pre obchodné a hotelové akadémie
|c Ivan Schultz, Anna Schultzová
|
| 260 |
|
|
|a Bratislava
|b Slovenské pedagogické nakladateľstvo
|c 1999
|
| 300 |
|
|
|a 114 s.
|c 30 cm
|
| 650 |
0 |
7 |
|a právo
|x učebnice obchod. akad.
|x učebnice hotel. akad.
|2 SNK
|9 292945
|
| 655 |
|
7 |
|a učebnice
|2 SNK
|9 22521
|
| 700 |
1 |
|
|a Schultzová, Anna,
|d 1955-
|4 aut
|9 216205
|
| 919 |
|
|
|a 80-08-00402-9
|
| 958 |
|
|
|a TL
|
| 958 |
|
|
|a UC
|
| 999 |
|
|
|c 548877
|d 550807
|
| 952 |
|
|
|t P60, <03>, [BOOK], {603}
|a SNK
|b SNK
|y PREZ
|7 0
|p 17A0192396
|o snkSB 60224
|i snkKSP 5297/99
|0 0
|1 0
|4 0
|d 1999-05-05
|f 1
|l 0
|r 2025-04-09 00:00:00
|w 2026-02-23
|
| 952 |
|
|
|t P60, <04>, [BOOK], {604}
|a SNK
|b SNK
|y VYP
|7 0
|p 17A0192454
|o snkSB 60224 D1
|i snkKSP 5298/99
|0 0
|1 0
|4 0
|d 1999-05-05
|l 0
|r 2005-01-02 00:00:00
|w 2026-02-23
|
| 952 |
|
|
|t P60, <09>, [BOOK], {629}
|a SNK
|b SNK
|y NEVYP
|7 0
|o snkB 201
|i snk730/990506
|0 0
|1 0
|4 0
|d 1999-05-05
|l 0
|r 2005-01-02 00:00:00
|w 2026-02-23
|